000 00186nam a2200085Ia 4500
008 250605s9999 xx 000 0 und d
041 _aeng
100 _aNikhil Sharma
245 _aLodestar UM
999 _c44257
_d44257